00897nam a2200325Ia 4500008004000000020001500040041000800055082001500063100002200078245006800100260004600168300001700214440000600231650000600237650000800243650000700251650001000258650001100268650000700279650000600286650000700292650001800299650001800317650001000335690001700345700002300362906001100385999001900396952015600415210210b2012 xxu||||| |||| 00| 0 eng d a0198073852 aeng a275.4 HEDO aHEDLUND (Roger E) aOxford encyclopaedia of South Asian Christianity: Vol II L to Z aNew DelhibOxford University Pressc2012 axxiv,387-762 a2 aZ aVol ato asouth aOxford aof aL aII aencyclopaedia aChristianity: aasian aChristianity aATHYAL (Jesudas M) a067935 c152408d152408 001040738HistoryaALbALcRSd2021-02-17eBiblios, Bunts Hostel Road, Mangaloreg1475.00l0o275.4 HEDOp067935r2021-02-17 00:00:00w2021-02-17yBK